| 000 | 00000cisi 2200000zi 4500 |
| 001 | 9.954942 |
| 003 | CaOODSP |
| 005 | 20260410114619 |
| 006 | s|| p f0 | |
| 006 | m o h f |
| 007 | cr nna|||a|||| |
| 007 | sz ||||||||||| |
| 008 | 250908c20249999quc|||||o|||||||| | eng|d |
| 040 | |aCaOODSP|beng|erda|cCaOODSP |
| 043 | |an-cn--- |
| 086 | 1 |aTT2-15E-MP3 |
| 110 | 2 |aCanadian Transportation Agency.|eauthor,|eissuing body. |
| 245 | 10|aReporting obligations under the Fighting Against Forced Labour and Child Labour in Supply Chains Act / |cCanadian Transportation Agency. |
| 264 | 1|aGatineau, Québec : |bCanadian Transportation Agency, |c[2024]- |
| 310 | |aAnnual |
| 336 | |aspoken word|bspw|2rdacontent |
| 337 | |aaudio|bs|2rdamedia |
| 337 | |acomputer|bc|2rdamedia |
| 338 | |aonline resource|bcr|2rdacarrier |
| 362 | 1 |aBegan with: 2023/2024. |
| 500 | |aAvailable as streaming audio or as downloadable MP3 file. |
| 500 | |aIssued also in French under title: Obligations de faire rapport en vertu de la Loi sur la lutte contre le travail forcé et le travail des enfants dans les chaînes d'approvisionnement. |
| 500 | |aIssued also in PDF format. |
| 588 | |aDescription based on: 2023/2024. |
| 588 | |aLatest issue consulted: 2023/2024. |
| 610 | 20|aCanadian Transportation Agency |vPeriodicals. |
| 650 | 0|aForced labor|zCanada|xPrevention|vPeriodicals. |
| 650 | 0|aChild labor|zCanada|xPrevention|vPeriodicals. |
| 655 | 7|aSound recordings|2lcgft |
| 655 | 7|aPeriodicals|2lcgft |
| 775 | 08|tObligations de faire rapport en vertu de la Loi sur la lutte contre le travail forcé et le travail des enfants dans les chaînes d'approvisionnement ... / |w(CaOODSP)9.954941 |
| 776 | 0#|tReporting obligations under the Fighting Against Forced Labour and Child Labour in Supply Chains Act / |w(CaOODSP)9.939205 |